[Event "Malatya Golden Apricot op 1st"]
[Site "Malatya"]
[Date "2013.06.10"]
[Round "2"]
[White "Yayik, Mustafa"]
[Black "Annaberdiev, Meilis"]
[Result "1/2-1/2"]
[WhiteElo "2110"]
[BlackElo "2436"]
[PlyCount "79"]
[EventDate "2013.06.10"]
[EventType "swiss"]
[EventRounds "9"]
[EventCountry "TUR"]
[SourceTitle "CBM 154 Extra"]
[Source "ChessBase"]
[SourceDate "2013.06.25"]
[SourceVersion "2"]
[SourceVersionDate "2013.06.25"]
[SourceQuality "1"]

1. Nf3 c5 2. g3 Nc6 3. Bg2 g6 4. 0-0 Bg7 5. c3 e5 6. e4 Nge7 7. c4 d6 8. d3 a6 9. Nc3 Rb8 10. Nd5 0-0 11. Be3 b5 12. b3 b4 13. Qd2 Nxd5 14. cxd5 Na7 15. Bh6 Nb5 16. Bxg7 Kxg7 17. Ne1 Qe7 18. Nc2 Bd7 19. f4 f6 20. Ne3 Nd4 21. Rf2 a5 22. Raf1 Ra8 23. h4 a4 24. bxa4 Rxa4 25. fxe5 Qxe5 26. Kh2 Qe7 27. Kg1 h5 28. Rf4 Rfa8 29. Rxf6 Rxa2 30. Nc2 Bf5 31. R1xf5 Nxf5 32. Re6 Qxe6 33. dxe6 Nd4 34. Qg5 Rxc2 35. Qe7+ Kh6 36. Qg5+ Kg7 37. Qe7+ Kh6 38. Qg5+ Kg7 39. Qe7+ Kh6 40. Qg5+ 1/2-1/2

[Event "TUR-ch"]
[Site "Ankara"]
[Date "2002.07.28"]
[Round "8"]
[White "Bayram, Yakup"]
[Black "Yayik, Mustafa"]
[Result "1-0"]
[WhiteElo "2281"]
[BlackElo "2104"]
[PlyCount "105"]
[EventDate "2002.07.24"]
[EventType "swiss"]
[EventRounds "11"]
[EventCountry "TUR"]
[SourceTitle "CBM 089 Extra"]
[Source "ChessBase"]
[SourceDate "2002.09.10"]
[SourceVersion "2"]
[SourceVersionDate "2002.09.10"]
[SourceQuality "1"]

1. d4 d5 2. c4 c6 3. Nc3 e6 4. cxd5 exd5 5. Qc2 Ne7 6. Bg5 h6 7. Bf4 Bf5 8. Qd2 Ng6 9. Bg3 Bd6 10. e3 0-0 11. Nge2 Bb4 12. a3 Ba5 13. f3 Re8 14. Bf2 Nf8 15. g4 Bh7 16. h4 Nbd7 17. g5 h5 18. Nf4 Bg6 19. Nxg6 fxg6 20. Bh3 Nb6 21. b3 Bxc3 22. Qxc3 a5 23. a4 Nc8 24. 0-0 Nd6 25. Rae1 Qe7 26. Qd3 Qf7 27. Kg2 Ne6 28. Bg3 Nf5 29. Bxf5 gxf5 30. Be5 Nf8 31. f4 g6 32. Rc1 Nd7 33. Rc2 Qe7 34. Qc3 Rec8 35. Rfc1 Ra6 36. Rb1 Nxe5 37. dxe5 Qb4 38. Qxb4 axb4 39. Rd1 Rd8 40. Rc5 Kf7 41. Rd4 Rd7 42. Rxb4 Ke7 43. Kf2 Kd8 44. Ke2 Kc7 45. a5 b6 46. Rxb6 Rxb6 47. axb6+ Kxb6 48. b4 Ra7 49. Ra5 Re7 50. Kd3 Re8 51. Kd4 Re6 52. Ra8 Kb7 53. Rf8 1-0

[Event "TUR-ch"]
[Site "Ankara"]
[Date "2002.07.28"]
[Round "9"]
[White "Yayik, Mustafa"]
[Black "Ipek, Ali"]
[Result "0-1"]
[WhiteElo "2104"]
[BlackElo "2266"]
[PlyCount "92"]
[EventDate "2002.07.24"]
[EventType "swiss"]
[EventRounds "11"]
[EventCountry "TUR"]
[SourceTitle "CBM 089 Extra"]
[Source "ChessBase"]
[SourceDate "2002.09.10"]
[SourceVersion "2"]
[SourceVersionDate "2002.09.10"]
[SourceQuality "1"]

1. e4 c5 2. Nf3 e6 3. c4 Nc6 4. Be2 d6 5. d4 cxd4 6. Nxd4 Nf6 7. Nc3 Be7 8. 0-0 Bd7 9. Be3 Nxd4 10. Bxd4 Bc6 11. f3 0-0 12. Qd2 a6 13. Rfd1 Nd7 14. Rac1 Qb8 15. f4 b5 16. Bd3 b4 17. Ne2 e5 18. Be3 Qb7 19. Ng3 Rfe8 20. Be2 Nf6 21. Bf3 Nxe4 22. Bxe4 Bxe4 23. f5 a5 24. Qe2 Bf8 25. Bg5 Bc6 26. f6 g6 27. Qd2 e4 28. Bh6 Qb6+ 29. c5 dxc5 30. Bxf8 e3 31. Qd6 Rxf8 32. Qf4 c4 33. Ne2 Kh8 34. Qh6 Rg8 35. Rd4 g5 36. Rdxc4 Bd7 37. Rc7 Rg6 38. Qh5 Be6 39. R1c6 Rd8 40. h4 Qb8 41. hxg5 Rd1+ 42. Kh2 Rd7 43. Nf4 Rxc7 44. Rxe6 Rc4 45. g3 Rxf4 46. Rxe3 Rf5 0-1

[Event "TUR-ch"]
[Site "Ankara"]
[Date "2002.07.27"]
[Round "7"]
[White "Erturan, Yakup"]
[Black "Yayik, Mustafa"]
[Result "1/2-1/2"]
[WhiteElo "2277"]
[BlackElo "2104"]
[PlyCount "117"]
[EventDate "2002.07.24"]
[EventType "swiss"]
[EventRounds "11"]
[EventCountry "TUR"]
[SourceTitle "CBM 089 Extra"]
[Source "ChessBase"]
[SourceDate "2002.09.10"]
[SourceVersion "2"]
[SourceVersionDate "2002.09.10"]
[SourceQuality "1"]

1. e4 d6 2. d4 Nf6 3. Nc3 g6 4. f4 Bg7 5. Nf3 c6 6. Bd3 0-0 7. 0-0 Qb6 8. Ne2 Nbd7 9. a4 e5 10. a5 Qc7 11. c3 Re8 12. Ng3 exd4 13. cxd4 c5 14. Qc2 Qd8 15. d5 Rb8 16. h3 b5 17. axb6 Qxb6 18. Bc4 Qc7 19. e5 dxe5 20. fxe5 Nxe5 21. Bf4 Nfd7 22. d6 Qb6 23. Nxe5 Rxe5 24. Bxf7+ Kh8 25. Bxe5 Bxe5 26. Ne4 Qxb2 27. Qxb2 Rxb2 28. Bd5 c4 29. Bxc4 Bb7 30. Nf2 Bxd6 31. Rad1 Rb6 32. Bd5 Bc5 33. Bxb7 Rxb7 34. Kh2 Nf6 35. Ng4 Ne4 36. Rf3 Bd6+ 37. Kh1 Kg7 38. Re1 h5 39. Nf2 Nxf2+ 40. Rxf2 Bg3 41. Rfe2 Bxe1 42. Rxe1 Kf7 43. Ra1 Ke6 44. Ra6+ Kf5 45. Kh2 Rg7 46. h4 Ke5 47. Kg3 Kd5 48. Kf4 Kc5 49. Kg5 Kb5 50. Ra2 a5 51. Kf6 Rc7 52. Kxg6 Rc5 53. g4 hxg4 54. h5 Rc3 55. h6 Rh3 56. h7 g3 57. Kg7 Kb4 58. h8Q Rxh8 59. Kxh8 1/2-1/2